[Event "ESP-ch U12 Rapid"]
[Site "Salobrena"]
[Date "2022.07.16"]
[Round "1"]
[White "Mata Medina, Andres"]
[Black "Rodriguez Serrano, Samuel"]
[Result "1-0"]
[WhiteElo "1388"]
[BlackElo "1128"]
[PlyCount "109"]
[EventDate "2022.07.09"]
[EventType "swiss (rapid)"]
[EventRounds "9"]
[EventCountry "ESP"]
[SourceTitle "EXT 2023"]
[Source "ChessBase"]
[SourceDate "2022.10.05"]
[SourceVersion "1"]
[SourceVersionDate "2022.10.05"]
[SourceQuality "1"]

1. d4 e6 2. c4 f5 3. Nc3 Bb4 4. Bd2 Nf6 5. a3 Be7 6. Nf3 b6 7. g3 Bb7 8. Bg2 0-0 9. 0-0 d6 10. Rc1 Nbd7 11. Bh1 Ne4 12. Nxe4 Bxe4 13. Ne1 Bxh1 14. Kxh1 e5 15. dxe5 Nxe5 16. b4 Qe8 17. Qb3 Qf7 18. Nd3 Nxd3 19. exd3 Bf6 20. Bc3 Bxc3 21. Qxc3 Rfe8 22. c5 bxc5 23. bxc5 Rab8 24. Rb1 Qd5+ 25. Kg1 Qxc5 26. Qxc5 dxc5 27. Rfc1 Rxb1 28. Rxb1 Kf8 29. Kf1 Kf7 30. Rb7 Re7 31. Rxa7 Ke6 32. Ra6+ Kd5 33. Ra8 Kd4 34. Rd8+ Kc3 35. Rd5 Kb3 36. Rxc5 Kxa3 37. Rxf5 Kb3 38. Rc5 Kb4 39. Rc1 Rd7 40. Ke2 g6 41. Ke3 Kb3 42. h4 Re7+ 43. Kf4 Rd7 44. Kg5 Rxd3 45. Rxc7 Rf3 46. Rxh7 Rxf2 47. Kxg6 Rg2 48. Rb7+ Kc3 49. Rc7+ Kd4 50. Rd7+ Ke5 51. Rd3 Ke4 52. Ra3 Ke5 53. h5 Ke6 54. h6 Ke7 55. h7 1-0